| 000 | 00615nam a2200193Ia 4500 | ||
|---|---|---|---|
| 003 | OSt | ||
| 005 | 20260112153037.0 | ||
| 008 | 240531s9999 xx 000 0 und d | ||
| 020 | _a9780763670627 | ||
| 040 | _aKenya national library service | ||
| 082 | _a823.92 THO | ||
| 100 | _aThomas, Elizabeth Marshall | ||
| 245 | 0 |
_aCertain poor shepherds / _ba christmas tale : the animals' story |
|
| 300 |
_a146 pages : _billustrations , _c21.2 cm |
||
| 650 | _aJESUS CHRIST NATIVITY JUVENILE FICTION | ||
| 700 | _aillustrator : Jonathan Bartlett | ||
| 942 |
_cJF _2ddc |
||
| 999 |
_c373410 _d373410 |
||